Normal view
MARC view
- Dental materials
Entry Topical Term
001 - CONTROL NUMBER
- control field: 34401
003 - CONTROL NUMBER IDENTIFIER
- control field: OSt
005 - DATE AND TIME OF LATEST TRANSACTION
- control field: 20131106113009.0
008 - FIXED-LENGTH DATA ELEMENTS
- fixed length control field: 131106|| aca||aabn | a|a d
040 ## - CATALOGING SOURCE
- Original cataloging agency: OSt
- Transcribing agency: OSt
150 ## - HEADING--TOPICAL TERM
- Topical term or geographic name as entry element: Dental materials
- Form subdivision: Examinations, questions, etc.
670 ## - SOURCE DATA FOUND
- Source citation: Work cat.: (OSt)0: Hatrick, Carol Dixon. 34399, Dental materials :, c2011.